000 00471nam a2200181Ia 4500
001 24470
005 20260414151045.0
008 260414t2018||||xx |||||||||||||| ||spa||
041 _aESP
082 _a345.7
_bV32
100 _aVargas Meléndez, Rikell
_eAUT
245 0 _aLa prueba pericial forense :
_brigor, estándares de calidad y valores
260 _c2018
300 _a222 páginas :
_c24 cm.
650 _aDER
654 _aCDE
942 _cLIB
_dJUS
_fJUS
_2ddc
_n
999 _c24470
_d24470